000 00891nam a2200277Ia 4500
001 Para_7158
003 CHAP
008 220125s1982 xx 000 0 und d
010 _a206044
040 _cCHAP
082 _aPA 634.772 C6
100 _aContreras Martínez de Escobar, Miguel A.
_9152106
245 _aIdentificación y caracterización de 16 clones de plátano en Tabasco /
_c por Miguel A. Contreras Martínez de Escobar
260 _aChapingo, Méx. :
_b UACh. Centro Regional Puyacatengo
300 _a76 p.
440 _aColección cuadernos universitarios; 4
_9172198
650 _aPlátano
_x genética
_989238
710 _aUACh. Centro Regional Puyacatengo
_9172199
901 _aPA 634.772 C6
902 _aA
905 _a0000001982 a 0000000000 00
910 _a1982
942 _cPARA
942 _cPARA
_d1
999 _c206044
_d206044